| 000 | 00628cam a2200217 a 4500 | ||
|---|---|---|---|
| 001 | 4961503 | ||
| 005 | 20260422140955.0 | ||
| 008 | 970313s1998 maua b 001 0 eng | ||
| 020 | _a0070167710 | ||
| 020 | _a9780070167711 | ||
| 050 | 0 | 0 |
_aP95 _b.H9 1998 |
| 082 | 0 | 0 |
_a302.2/242 _221 |
| 100 | 1 | _aHybels, Saundra. | |
| 245 | 1 | 0 |
_aCommunicating effectively / _cSaundra Hybels, Richard L. Weaver II. |
| 250 | _a5th ed. | ||
| 260 |
_aBoston, Mass. : _bMcGraw-Hill, _cc1998. |
||
| 300 |
_axxv, 550 p. : _bill. ; _c24 cm. |
||
| 650 | 0 | _aOral communication. | |
| 700 | 1 |
_aWeaver, Richard L., _d1941- |
|
| 942 |
_2lcc _cBK _e5th ed. _n0 |
||
| 999 |
_c9487 _d9487 |
||